<?xml version="1.0" encoding="UTF-8"?>
<marc:record xmlns:marc="http://www.loc.gov/MARC21/slim">
   <marc:leader>00000nam a2200000 a 4500</marc:leader>
   <marc:datafield ind1="1" ind2=" " tag="100">
      <marc:subfield code="a">Le Carré, John</marc:subfield>
      <marc:subfield code="4">aut</marc:subfield>
      <marc:subfield code="e">Verfasser/-in</marc:subfield>
   </marc:datafield>
   <marc:datafield ind1="0" ind2="0" tag="245">
      <marc:subfield code="a">Verräter  wie wir</marc:subfield>
   </marc:datafield>
   <marc:datafield ind1="0" ind2="0" tag="245">
      <marc:subfield code="b">Roman. Aus d. Engl.</marc:subfield>
   </marc:datafield>
   <marc:datafield ind1=" " ind2="1" tag="264">
      <marc:subfield code="b">Ullstein</marc:subfield>
      <marc:subfield code="c">2010</marc:subfield>
   </marc:datafield>
   <marc:datafield ind1="1" ind2=" " tag="520">
      <marc:subfield code="a">Dima ist die Seele der russischen Mafia. Sein Spezialgebiet: die Geldwäsche. Doch seine Tage sind gezählt, denn er hat Feinde unter den mächtigen Weggefährten. Um das Überleben seiner Familie zu sichern, geht er einen Pakt mit dem britischen Geheimdienst ein. Doch der lange Arm der Mafia reicht weit in den Westen.</marc:subfield>
   </marc:datafield>
   <marc:datafield ind1=" " ind2=" " tag="020">
      <marc:subfield code="a">9783550088339</marc:subfield>
      <marc:subfield code="9">9783550088339</marc:subfield>
   </marc:datafield>
</marc:record>
